Calamity mod Soundtrack (2.0.5) - Statistics

General Stats
  • This quiz has been taken 49 times
  • The average score is 27 of 53
Answer Stats
Hint Answer % Correct
Crabulon 1NF3$+@+!0N
88%
UNIVERSAL COLLAPSE
85%
Calamitas Clone Raw, Unfiltered Calamity
82%
The Devourer of Gods Scourge of the Universe
79%
Roar of the Jungle Dragon
76%
Supreme Witch, Calamitas Stained, Brutal Calamity
73%
Storm Weaver Servants of the Scourge
70%
Providence, the Profaned Goddess Unholy Insurgency
70%
The Perforators Blood Coagulant
67%
Desert Scourge Guardian of the Former Seas
67%
Brimstone Elemental Left Alone
67%
Slime God Return to Slime
67%
Hive Mind The Filthy Mind
67%
Title Screen The Tale of a Cruel World
67%
Cryogen Antarctic Reinforcement
64%
Astrum Aureus Interstellar Stomper
64%
Ravager Open frenzy
64%
Yharon, Dragon of Rebirth Infernal Catharsis (Rebirth)
61%
The Old Duke Toxic Wisdom
61%
Polterghast Feral Amalgamation
58%
Aquatic Scourge Outcast of the Sulphurous Seas
58%
Profaned Guardians Unholy Ambush
58%
Interlude 3 Catastrophes before the calamity
55%
The Void - 4th Abyss Layer void
55%
Plaguebringer Goliath Fly of Beelzebub
52%
Dragonfolly Murderswarm
52%
Sunken Sea Sanctuary
52%
??? (Anahita's Lure) Siren's Call
52%
Sulphurous Sea (Day) Wasteland
52%
Astrum Deus Pest of the Cosmos
48%
Interlude 1 Silence before the storms
48%
Interlude 2 Storms before the catastrophes
48%
The Exo Mechs Inferior Fabrications
45%
Defeating the Devourer of Gods Scourge of the Universe - Eulogy for the Ego
45%
Primordial Wyrm Threats of the Ocean Floor
45%
Forbidden Lullaby
42%
Astral Infection The Heaven-Sent Abomination
36%
Brimstone Crag The Step Below Hell
36%
Murky Waters - 2nd Abyss Layer Hadopelagic Pressure
33%
Boss Rush Tier 2 Onslaught of Beasts
33%
Boss Rush Tier 4 Trial of the Insane
33%
Boss Rush Tier 1 Ensemble of Fools
30%
Boss Rush Tier 3 Reign of Lordds
30%
Anahita & Leviathan Siren's War Cry
30%
Astral Underground Treasures Within the Abomination
30%
Bio-center Labs Engineer's Sanctum
27%
Sulphuric Depths - 1st Abyss Layer Hesitation
27%
Exo Mech Selection Signal Received
27%
Thermal Vents - 3rd Abyss Layer Hydrothermophobia
21%
Acid Rain (Tier 3) Nuclear Monsoon
21%
Sulphurous Sea (Night) Caustic Tides
18%
Acid Rain (Tiers 1 - 2) Corrosion!
18%
Sulphurous Sea (Rain) Septication
9%
No matching quizzes found
Score Distribution
Percent of People with Each Score
Percentile by Number Answered
Your Score History
You have not taken this quiz